Inhibition of hardening in natural rubber (Record no. 46370)

MARC details
000 -LEADER
fixed length control field 00373nam a2200109Ia 4500
100 ## - MAIN ENTRY--AUTHOR NAME
Personal name Sekhar BC
245 #0 - TITLE STATEMENT
Title Inhibition of hardening in natural rubber
260 ## - PUBLICATION, DISTRIBUTION, ETC. (IMPRINT)
Name of publisher Proceedings of the Natural Rubber Research Conference: Chemistry and Technology of Dry Rubber I, Kuala Lumpur, 1960
Year of publication 1960
300 ## - PHYSICAL DESCRIPTION
Number of Pages 512-519
942 ## - ADDED ENTRY ELEMENTS (KOHA)
Koha item type Reprints
Holdings
Withdrawn status Lost status Damaged status Not for loan Home library Current library Date acquired Koha item type
      Reprints RRII Library RRII Library 22/12/2021 Reprints